Estadísticas para Preguntas de Geografía

Haz click aquí para intentar la prueba.

Estadísticas generales

  • Esta prueba ha sido intentada 119 veces
  • La puntuación promedio es 12 de 15

Estadísticas de respuestas

PreguntaRespuesta% Correcto
¿En que país esta Sydney?Australia
97%
¿Que país es dueño de las islas Canarias?España
97%
¿Cuál es la capital de Brasil?Brasilia
95%
¿Capital de Egipto?El Cairo
94%
¿Con que país tiene Irlanda frontera?Reino Unido
93%
¿Cuál es el país que tiene mas frontera con Chile?Argentina
92%
¿Dónde esta el volcán Mauna Loa?Hawái
91%
¿País autóctono de los lémures?Madagascar
88%
¿Las islas de Pascua son propiedad de que país?Chile
86%
¿En que continente esta el país mas pequeño del mundo?Europa
79%
¿De quien son la islas Georgias del sur y Sandwich del sur?Inglaterra
65%
¿Pais mas grande de Africa?Argelia
60%
¿Cual es la isla mas grande del mundo?Groenlandia
60%
¿País donde desembarco Cristóbal Colon?Bahamas
57%
¿Dónde se disputo la batalla de Troya?Turquía
29%

Distribución de puntuación

Porcentaje por número respondido

Porcentaje de gente con cada puntuación

Historial de tus puntuaciones

No has intentado esta prueba.